CBT Made Simple / Second Edition (Record no. 9774)
[ view plain ]
| 000 -LEADER | |
|---|---|
| fixed length control field | 01399cam a22002054a 4500 |
| 005 - ΗΜΕΡΟΜΗΝΙΑ ΚΑΙ ΩΡΑ ΤΕΛΕΥΤΑΙΑΣ ΕΝΗΜΕΡΩΣΗΣ | |
| Πεδίο ελέγχου | 20250605164409.0 |
| 008 - FIXED-LENGTH DATA ELEMENTS--GENERAL INFORMATION | |
| Πεδίο ελέγχου σταθερού μήκους | 250528s ||||||||||||||||||||||||d |
| 035 ## - SYSTEM CONTROL NUMBER | |
| System control number | 24953 |
| 020 ## - ISBN | |
| ISBN | 9781684034550 |
| 040 ## - ΠΗΓΗ ΚΑΤΑΛΟΓΟΓΡΑΦΗΣΗΣ | |
| Φορέας πρωτότυπης καταλογογράφησης | MC Athens Campus Library |
| Γλώσσα καταλογογράφησης | Ελληνικά, Μοντέρνα (1453-) |
| Modifying agency | MC Athens Campus Library |
| Κανόνες περιγραφικής καταλογογράφησης | AACR2 |
| 245 1# - ΤΙΤΛΟΣ ΚΑΙ ΔΗΛΩΣΗ ΥΠΕΥΘΥΝΟΤΗΤΑΣ | |
| Τίτλος | CBT Made Simple / Second Edition |
| 260 ## - PUBLICATION, DISTRIBUTION, ETC. | |
| Date of publication, distribution, etc. | 2021 |
| 300 ## - PHYSICAL DESCRIPTION | |
| Extent | 332 |
| 520 ## - SUMMARY, ETC. | |
| Summary, etc. | This book (CBT) is a highly effective, evidence - based treatment for mental health disorders. Foreword, Introduction, CBT Foundation, Use CBT Theory to Understand Your Clients, Focus on Your Clints' Problems and Strenggths, Develop Goals for Therapy, Structure Your Sessions, Understand Your Clients' Problems, Identity Your Clients' Feelings and Physical Reactions and Behaviors, My Clients have so many Thoughts: Which Do I Focus On?, Identity Your Clients' Thoughts, Cognitive and Behavioral Interventions, Look for Evidence and Create Balanced Thoughts, Problem Solving: Finding a Better Way, Behavioral Activation: Action Plans for Depression, Exposure Therapy: Clients Face Their Fears, Working with Core Beliefs, Underlying Assumptions and Behavioral Experiments, CBT in Action, Treatment Guidelines and Suzanne and Raoul's Therapy, Acknowledgements, Appendix: Answers to YOUR TURN! Exercises, References, Index. |
| 700 1# - ΠΡΟΣΘΕΤΗ ΑΝΑΓΡΑΦΗ--ΦΥΣΙΚΟ ΠΡΟΣΩΠΟ | |
| Personal name | Josefowitz Nina |
| 9 (RLIN) | 8721 |
| 700 1# - ΠΡΟΣΘΕΤΗ ΑΝΑΓΡΑΦΗ--ΦΥΣΙΚΟ ΠΡΟΣΩΠΟ | |
| Personal name | Myran David |
| 9 (RLIN) | 8722 |
| 942 ## - ADDED ENTRY ELEMENTS (KOHA) | |
| Koha item type | Books |
| Τύπος τεκμηρίου | Βιβλιοθήκη | Τρέχουσα τοποθεσία | Barcode | Αριθμός εισαγωγής | Ημερομηνία απόκτησης | Ταξιθετικό σύμβολο | Αριθμός αντιτύπου | Κατάσταση απόσυρσης | Κατάσταση χαμένου | Κατάσταση κατεστραμμένου | Μη δανεισμός | Σύνολο δανεισμών | Ημερομηνία τελευταίας εμφάνισης | Η τιμή ισχύει από |
|---|---|---|---|---|---|---|---|---|---|---|---|---|---|---|
| Books | MC Thessaloniki Campus Library | MC Thessaloniki Campus Library | 9780000097736 | 7648 | 05/06/2025 | 616.89 JOS | 1 | 05/06/2025 | 05/06/2025 |